000 00704cam a2200229 4500500
005 20260329001430.0
041 _afre
042 _adc
100 1 0 _aDamour, Thibault
_eauthor
700 1 0 _aNef, Frédéric
_eauthor
700 1 0 _aBacon, Marcel
_eauthor
245 0 0 _aThibault Damour, Frédéric Nef. Vertige des mondes possibles
260 _c2007.
500 _a82
690 _aFrédéric Nef
690 _aMétaphysique
690 _aMonde
690 _aScience
690 _aThibault Damour
786 0 _nPhilosophie magazine | 9 | 5 | 2007-05-01 | p. 9-10 | 1951-1787
856 4 1 _uhttps://shs.cairn.info/magazine-philosophie-magazine-2007-5-page-9?lang=fr&redirect-ssocas=7080
999 _c1805354
_d1805354